000 01134cam a2200325 i 4500
001 20135
003 BD-RjUL
005 20211209000526.0
008 160621r19771776ii k 001 0 eng d
035 _a(BD-RjUL)20197
040 _aDLC
_cDLC
_dDLC
_dBD-RjUL
_beng
041 _aeng
082 0 0 _a343.5405202632
_219
_bPAK 1977
100 1 _aPalkhivala, N. A
_962041
110 1 _aIndia.
_9135096
245 1 0 _aKanga and Palkhivala's The law and practice of income tax /
_cPalkhivala, N. A and B. A. Palkhivala
250 _a7th ed. /
260 _aBombay :
_bN. M. Tripathi,
_c1976. [Reprinted 1977]
300 _a2 v. :
_bill. ;
_c25 cm.
500 _aPrevious editions entered under: India (Republic). Laws, statutes, etc. have title: The law and practice of income tax.
500 _aUpdated by 1982 supplement.
500 _aIncludes index.
505 0 _aVo. 1 & Vol 2 .
650 0 _aIncome tax
_xLaw and legislation
_zIndia.
_99048
700 1 _aPalkhivala, B. A.
_962043
740 0 _aLaw and practice of income tax.
942 _2ddc
_cBK
999 _c20135
_d20135